UBT Library

CONSTITUTIONAL LAW THE AMERICAN CONSTITUTION CONSTITUTIONAL RIGHTS AND LIBERTIES (Record no. 39571)

000 -LEADER
fixed length control field 00350nam a22001337a 4500
008 - FIXED-LENGTH DATA ELEMENTS--GENERAL INFORMATION
fixed length control field 171228b xxu||||| |||| 00| 0 eng d
020 ## - INTERNATIONAL STANDARD BOOK NUMBER
International Standard Book Number 9780314162069
041 ## - LANGUAGE CODE
Language code of text/sound track or separate title eng
080 ## - UNIVERSAL DECIMAL CLASSIFICATION NUMBER
Universal Decimal Classification number 34
100 ## - Rafti
Rafti 14
101 ## - Shkurtesa
Shkurtesa JUR
245 ## - TITLE STATEMENT
Title CONSTITUTIONAL LAW THE AMERICAN CONSTITUTION CONSTITUTIONAL RIGHTS AND LIBERTIES
Statement of responsibility, etc CHOPER.J,H
942 ## - ADDED ENTRY ELEMENTS (KOHA)
Source of classification or shelving scheme
Item type Books
Holdings
Withdrawn status Lost status Source of classification or shelving scheme Damaged status Not for loan Collection code Permanent location Current location Shelving location Date acquired Total Checkouts Full call number Barcode Date last seen Price effective from Koha item type
          Koleksioni i përgjithshem UBT - Lipjan UBT - Lipjan Koleksioni i përgjithshem 12/28/2017   34 CHOP 002-2994194 12/28/2017 12/28/2017 Books
UBT Library © 2015-2024. All rights reserved University Education for Business and Technology